| 000 | 00917cam a22002654a 4500 | ||
|---|---|---|---|
| 001 | sa 66000387 | ||
| 003 | DLC | ||
| 005 | 20260227112214.0 | ||
| 008 | 890504s1964 ii b 000 0 hino | ||
| 010 | _asa 66000387 | ||
| 035 | _a(OCoLC)19655044 | ||
| 040 |
_aDLC _cDLC _dDLC |
||
| 041 | 0 |
_ahin _abra |
|
| 050 | 0 | 0 |
_aPK1967.9.V47 _bZ8425 1964 |
| 100 | 1 |
_aSiṃha, Baccana, _d1919-2008. |
|
| 245 | 1 | 0 |
_aBihārī kā nayā mūlyāṅkana / _cBaccana Simha. |
| 260 |
_aVārāṇasī : _bHindī Pracāraka Pustakālaya, _c1964. |
||
| 300 |
_a181 p. ; _c21 cm. |
||
| 546 | _aIn Hindi and Braj. | ||
| 500 | _aPreviously published: Vārāṇasī : Hindī Pracāraka Pustakālaya, 1960. | ||
| 500 | _aIncludes the text of Vihārī Lāla's Satasaī. | ||
| 504 | _aIncludes bibliographical references. | ||
| 600 | 0 | 0 |
_aVihārī Lāla, _cKavi _xCriticism and interpretation. |
| 700 | 0 | 2 |
_aVihārī Lāla, _cKavi. _tSatasaī. |
| 999 |
_c67217 _d67217 |
||